000 00350nam a2200109Ia 4500
008 180315s9999 xx 000 0 und d
020 _a9780071748759
100 _aGallo, Carmine
245 4 _aThe innovation secrets of Steve Jobs :
_bInsanely different principle for breakthrough success
260 _aUSA :
_b2011
_cMcGrawHill
300 _av, 219 pages
999 _c356292
_d356292